Arte poética: seis conferencias
Na minha lista:
| Autor principal: | |
|---|---|
| Formato: | Livro |
| Idioma: | espanhol |
| Publicado em: |
Barcelona
Crítica
2001
|
| coleção: | Letras de Humanidad
|
| Assuntos: | |
| Tags: |
Adicionar Tag
Sem tags, seja o primeiro a adicionar uma tag!
|
MARC
| LEADER | 00000nam a2200000 a 4500 | ||
|---|---|---|---|
| 001 | UCL9579 | ||
| 003 | CL-VaPUC | ||
| 008 | 040813e20010000SP |||||||||||||||||spa|d | ||
| 020 | |a 8484321797 | ||
| 082 | 0 | 4 | |a 808.1 |b BOR |2 21 |
| 100 | |a Borges, Jorge Luis |e autor |9 322093 | ||
| 245 | 1 | 0 | |a Arte poética: seis conferencias |
| 300 | |a 181 p | ||
| 942 | |c BK | ||
| 945 | |d 20040813 00:00:00 |a cmena | ||
| 260 | |a Barcelona |b Crítica |c 2001 | ||
| 650 | 0 | |a Filosofía de la literatura |9 267374 | |
| 650 | 7 | |a RETORICA DE LA POESIA |2 CL-VaPUC |9 454879 | |
| 583 | |a last modification |c 20040813 00:00:00 |k Rodrigo Vera | ||
| 490 | 0 | |a Letras de Humanidad | |
| 999 | |c 310324 |d 310322 | ||
| 952 | |0 0 |1 0 |4 0 |6 808_100000000000000_BOR_2001 |7 0 |8 R |9 378623 |a BIBEDU |b BIBEDU |c MCIRC |d 2019-11-21 |i 4046811 |l 1 |o 808.1 BOR 2001 |p 4046811 |r 2023-06-14 |s 2023-06-12 |w 2019-11-21 |y BK_R |k LIT | ||